Welcome to CU Library Online Public Access Catalogue (OPAC)

Basic statistics for business and economics / (Record no. 4934)

MARC details
000 -LEADER
fixed length control field 00847pam a2200265 a 4500
001 - CONTROL NUMBER
control field 3051164
005 - DATE AND TIME OF LATEST TRANSACTION
control field 20250319103558.0
008 - FIXED-LENGTH DATA ELEMENTS--GENERAL INFORMATION
fixed length control field 960322s1997 ilua 001 0 eng
020 ## - INTERNATIONAL STANDARD BOOK NUMBER
International Standard Book Number 0256194084
020 ## - INTERNATIONAL STANDARD BOOK NUMBER
International Standard Book Number 0256214999 (instructor's ed.)
050 00 - LIBRARY OF CONGRESS CALL NUMBER
Classification number HA29
Item number .L75 1997
082 00 - DEWEY DECIMAL CLASSIFICATION NUMBER
Classification number 519.5
Edition information 20
100 1# - MAIN ENTRY--PERSONAL NAME
Personal name Lind, Douglas A.
245 10 - TITLE STATEMENT
Title Basic statistics for business and economics /
Statement of responsibility, etc. Douglas A. Lind, Robert D. Mason.
250 ## - EDITION STATEMENT
Edition statement 2nd ed.
260 ## - PUBLICATION, DISTRIBUTION, ETC.
Place of publication, distribution, etc. Chicago :
Name of publisher, distributor, etc. Irwin,
Date of publication, distribution, etc. c1997.
300 ## - PHYSICAL DESCRIPTION
Extent xviii, 597 p. :
Other physical details ill. (some col.) ;
Dimensions 26 cm.
500 ## - GENERAL NOTE
General note Includes index.
650 #0 - SUBJECT ADDED ENTRY--TOPICAL TERM
Topical term or geographic name entry element Social sciences
General subdivision Statistical methods.
650 #0 - SUBJECT ADDED ENTRY--TOPICAL TERM
Topical term or geographic name entry element Economics
General subdivision Statistical methods.
650 #0 - SUBJECT ADDED ENTRY--TOPICAL TERM
Topical term or geographic name entry element Industrial management
General subdivision Statistical methods.
650 #0 - SUBJECT ADDED ENTRY--TOPICAL TERM
Topical term or geographic name entry element Commercial statistics.
700 1# - ADDED ENTRY--PERSONAL NAME
Personal name Mason, Robert Deward,
Dates associated with a name 1919-
942 ## - ADDED ENTRY ELEMENTS (KOHA)
Source of classification or shelving scheme Library of Congress Classification
Koha item type Books
Suppress in OPAC No
999 ## -
-- 4934
-- 4934
Holdings
Withdrawn status Lost status Source of classification or shelving scheme Damaged status Not for loan Collection Home library Current library Shelving location Date acquired Total checkouts Full call number Barcode Date last seen Copy number Price effective from Koha item type
    Library of Congress Classification     Non-fiction Graduate Library (Christ Temple) Graduate Library (Christ Temple) General stacks 03/19/2025   HA 29 LIN GSCT00000667 03/19/2025 1 03/19/2025 Books
    Library of Congress Classification     Non-fiction Graduate Library (Christ Temple) Graduate Library (Christ Temple) General stacks 03/19/2025   HA 29 LIN GSCT00000668 03/19/2025 2 03/19/2025 Books
© 2023-2024 Copyright: Central University Libraries. All Rights Reserved | Created by: Mahone Tech Office